01162nam a22002771i 4500003000400000005001700004008004100021020003900062040002500101082001900126245009900145264007200244264001200316300002400328336002100352337002500373338002300398500002100421504003300442520022900475650004100704650003700745650003900782700002900821700003400850OSt20191105165639.0191105t20182018my |||er||||a001 0 eng d a9789674125462cRM 30.00qpaperback aPPAKbengcPPAKerda04223a297.12286110aINSTITUSI PERUBATAN ISLAM Akal Budi Melayu / cdisunting oleh Nazri Muslim, Abdul Latif Samian 1aBangi, Selangor : bPenerbit Universiti Kebangsaan Malaysia, c2018 4c©2018  a 161 pages ;c23 cm 2rdacontentatext 2rdamediaaunmediated 2rdacarrieravolume aIncludes index.  aBibliography: pages 151-158  aProvides suggestions for container gardening, wreaths from natural materials, flower arrangements using wild items, and holiday decorations, and considers possibilities for each of the seasons as well as for Christmas time. 10aMedicinexReligious aspects xIslam 20aMedicine in the Qur'anzMalaysia20aGovernment publications zMalaysia1 aNazri Muslim, eeditor. 1 aAbdul Latif Samian, eauthor.